[Event "SLO-chT1 East"]
[Site "Celje"]
[Date "2007.11.21"]
[Round "8"]
[White "Zeljko, Jure"]
[Black "Vida, Evgen"]
[Result "1-0"]
[WhiteElo "1872"]
[BlackElo "1967"]
[PlyCount "133"]
[EventDate "2007.11.11"]
[EventType "team-tourn"]
[EventRounds "9"]
[EventCountry "SLO"]
[SourceTitle "EXT 2010"]
[Source "ChessBase"]
[SourceDate "2010.11.25"]
[SourceVersion "1"]
[SourceVersionDate "2010.11.25"]
[SourceQuality "1"]

1. e4 e5 2. Nf3 Nc6 3. Bc4 Bc5 4. 0-0 d6 5. c3 Nf6 6. Re1 0-0 7. d3 a6 8. Bb3 h6 9. Nbd2 Bg4 10. Nf1 Ne7 11. h3 Bh5 12. Ng3 Bg6 13. Nh4 Kh7 14. Qf3 c6 15. Ngf5 Qd7 16. Nxe7 Qxe7 17. Nf5 Qe8 18. Be3 Bxe3 19. Nxe3 Qd7 20. a4 b5 21. Nc2 Rae8 22. Qe3 Rb8 23. axb5 axb5 24. Ra7 Rb7 25. Rea1 c5 26. Rxb7 Qxb7 27. f3 Ra8 28. Qc1 Rxa1 29. Qxa1 Qb6 30. Kh2 c4 31. dxc4 bxc4 32. Bxc4 Qf2 33. Bd3 Qd2 34. Qf1 Nh5 35. Qe2 Qf4+ 36. Kg1 Qc1+ 37. Qe1 Qxb2 38. Ne3 Nf4 39. Bc2 d5 40. Qd2 dxe4 41. fxe4 Qb6 42. Kh2 Qc5 43. Nd5 Ne6 44. Qe3 Qc4 45. Bd3 Qc5 46. Qd2 Ng5 47. Qe1 f6 48. h4 Ne6 49. Qe2 Nf4 50. Qf3 Qd6 51. Nxf4 exf4 52. h5 Qe5 53. hxg6+ Kxg6 54. Qg4+ Kf7 55. Bc4+ Kf8 56. Qe6 Qxe6 57. Bxe6 Ke7 58. Bd5 Kd6 59. c4 g6 60. Kg1 Ke5 61. Kf2 f5 62. exf5 Kxf5 63. c5 Ke5 64. c6 Kd6 65. Kf3 g5 66. Kg4 Kc7 67. Bf3 1-0

[Event "SLO-chT2 East"]
[Site "Velenje"]
[Date "2006.09.17"]
[Round "4"]
[White "Zeljko, Jure"]
[Black "Kolar, Branko"]
[Result "1/2-1/2"]
[WhiteElo "1860"]
[BlackElo "1801"]
[PlyCount "81"]
[EventDate "2006.05.21"]
[EventType "team"]
[EventRounds "9"]
[EventCountry "SLO"]
[SourceTitle "EXT 2008"]
[Source "ChessBase"]
[SourceDate "2007.11.25"]
[SourceVersion "1"]
[SourceVersionDate "2007.11.25"]
[SourceQuality "1"]

1. e4 e6 2. d4 b6 3. Nf3 Bb7 4. Bd3 c5 5. c3 Nf6 6. e5 Nd5 7. Bg5 Be7 8. Bxe7 Qxe7 9. Nbd2 Nf4 10. Ne4 0-0 11. 0-0 cxd4 12. cxd4 Nxd3 13. Qxd3 Ba6 14. Qe3 Bxf1 15. Rxf1 Nc6 16. Nfd2 f6 17. Nd6 Nb4 18. f4 Nd5 19. Qg3 f5 20. Nf3 Nc7 21. Ng5 Ne8 22. Nc4 Rc8 23. Nd2 h6 24. Ngf3 Qb4 25. Qg6 Rc2 26. Rf2 Qxb2 27. g4 fxg4 28. Qxg4 Qa1+ 29. Kg2 Qxa2 30. Qg6 b5 31. Ne4 Rxf2+ 32. Nxf2 b4 33. Kg3 Nf6 34. exf6 Rxf6 35. Qe8+ Kh7 36. Ne4 Rg6+ 37. Nfg5+ hxg5 38. Nxg5+ Rxg5+ 39. fxg5 Qc2 40. Qh5+ Kg8 41. Qe8+ 1/2-1/2

[Event "SLO-chT2 East"]
[Site "Velenje"]
[Date "2006.06.06"]
[Round "3"]
[White "Zeljko, Jure"]
[Black "Skasa, Albin"]
[Result "1/2-1/2"]
[WhiteElo "1860"]
[BlackElo "1850"]
[PlyCount "45"]
[EventDate "2006.05.21"]
[EventType "team"]
[EventRounds "9"]
[EventCountry "SLO"]
[SourceTitle "EXT 2008"]
[Source "ChessBase"]
[SourceDate "2007.11.25"]
[SourceVersion "1"]
[SourceVersionDate "2007.11.25"]
[SourceQuality "1"]

1. e4 e6 2. d4 d5 3. e5 c5 4. c3 Nc6 5. Nf3 Qb6 6. a3 cxd4 7. cxd4 Nge7 8. Bd3 Bd7 9. Bc2 Nf5 10. Bxf5 exf5 11. Nc3 Be6 12. 0-0 Be7 13. b4 Qd8 14. Bb2 0-0 15. Na4 b6 16. Rc1 Qd7 17. Nc3 a5 18. b5 Na7 19. Qb3 Rac8 20. Nd2 f4 21. a4 f6 22. exf6 Bxf6 23. Ne2 1/2-1/2